| 000 | 00634cam a22001934a 4500 | ||
|---|---|---|---|
| 020 | _a0072443901 (alk. paper) | ||
| 040 | _cDLC | ||
| 082 | 0 | 0 | _a658 MCG 2002 A039 Or. |
| 100 | 1 | _aStevenson, William J. | |
| 245 | 1 | 0 | _aOperations management / |
| 250 | _a7th ed. | ||
| 260 |
_aBoston : _bMcGraw-Hill Irwin, _cc2002. |
||
| 300 |
_axvi, 910 p. : _bcol. ill. ; _c29 cm. + _e1 computer optical disc (4 3/4 in.) |
||
| 500 | _aIncludes indexes. | ||
| 650 | 0 | _aProduction management. | |
| 856 | 4 | 2 | _uhttp://www.loc.gov/catdir/description/mh021/2001091412.html |
| 856 | 4 | 1 | _uhttp://www.loc.gov/catdir/toc/mh021/2001091412.html |
| 942 | _cEK | ||
| 999 |
_c11639 _d11639 |
||